000 00524nam a2200181Ia 4500
008 240729s9999 xx 000 0 und d
022 _a1749-7922
245 0 _aWorld Journal of Emergency Surgery
260 _aUnited Kingdom
260 _bBMC
650 _a Internal medicine
650 _a Medical emergencies. Critical care. Intensive care. First aid
650 _a Surgery | Medicine
650 _aMedicine
856 _uhttps://doaj.org/toc/bb9260051657438eba4d45811d1ee126
942 _2ddc
942 _cDOAJEJ
999 _c74411
_d74411
945 _a1
_bMadushi Gamage
_c1
_dMadushi Gamage